Statistiques concernant La commedia dell'Arte

Cliquez ici pour prendre le quiz!

Statistiques générales

  • Ce quiz a été pris 5 fois
  • Le résultat moyen est 5 sur 15

Statistiques - réponses

HintRéponse% Correct
Traduction françaiseComédie de l'art
67%
Langue dans laquelle étaient récitées les piècesItalien/ Grammelot/ Volgare
67%
Ville où a eu lieu le festival della Commedia dell'Arte en février 2024Nancy
67%
Ville de PolichinelleNaples
67%
Citer un des personnagesPolichinelle/ Pulcinella/ Arlequin/ Arlecchino/ Brighella/ Colombine/ Colombina/ Docteur/ Dottore/ Pantalon/ Pantalone
67%
Ce genre critique la/le...Société/ Religion/ Pouvoir
67%
Auteur qui créer sa réforme en réaction à la Commedia dell'ArteCarlo Goldoni
33%
Public de ce genre théatrâleLe peuple
33%
Les genres de comiquesSituation/ Répétition/ Gestes
33%
Année de la signature du premier contrat1545
0%
Période durant laquelle les troupes étaient chassées d'ItalieContreréforme
0%
Auteur du "Mistero Buffo"Dario Fo
0%
Une des caractéristiques du genremasques/ grammelot/ improvisation/ exagération/ costumes
0%
Signification de "art" à cette époqueMétier
0%
Ville où a été signé ce contratPadoue/ Padova
0%

Distribution des résultats

Percentile par nombre de réponses

% des personnes avec chaque résultat

Votre développement - résultats

Vous n’avez pas pris ce quiz